Рассказы из русской истории. Кн. 3: Петр I (Запись № 13410469)

Подробности
000 -МАРКЕР
контрольное поле 01687nam2a2200289 4500
001 - ИДЕНТИФИКАТОР ЗАПИСИ
контрольное поле RU\NLR\BIBL_A\022543295
005 - ИДЕНТИФИКАТОР ВЕРСИИ
контрольное поле 20250731113648.0
010 ## - МЕЖДУНАРОДНЫЙ СТАНДАРТНЫЙ НОМЕР КНИГИ (ISBN)
Номер (ISBN) 978-5-392-43952-2
Тираж 3500
021 ## - НОМЕР ГОСУДАРСТВЕННОЙ РЕГИСТРАЦИИ
Код страны Российская Федерация
Номер КН-П-25-018460
Номер Листа государственной регистраци КН-П-25-1871
035 ## - ДРУГИЕ СИСТЕМНЫЕ НОМЕРА
Идентификатор записи (NLR Aleph) 022543295
100 ## - ДАННЫЕ ОБЩЕЙ ОБРАБОТКИ
Данные общей обработки 20250516d2025 k y0rusy50 ca
101 0# - ЯЗЫК РЕСУРСА
Язык текста, звукозаписи и т.д. русский
102 ## - СТРАНА ПУБЛИКАЦИИ ИЛИ ПРОИЗВОДСТВА
Страна публикации Российская Федерация
105 ## - ПОЛЕ КОДИРОВАННЫХ ДАННЫХ: ТЕКСТОВЫЕ МАТЕРИАЛЫ, МОНОГРАФИЧЕСКИЕ
Кодированные данные о монографическом текстовом документе abchz 000yd
200 1# - ЗАГЛАВИЕ И СВЕДЕНИЯ ОБ ОТВЕТСТВЕННОСТИ
Основное заглавие Петр I
Наименование части Начало
210 ## - ПУБЛИКАЦИЯ, РАСПРОСТРАНЕНИЕ И ДР.
Дата издания, распространения и т.д. 2025
215 ## - ФИЗИЧЕСКАЯ ХАРАКТЕРИСТИКА
Специфическое обозначение материала и объем 375, [1] с.
Другие сведения о физической характеристике ил., карты, портр., факс.
461 #0 - УРОВЕНЬ НАБОРА
Встроенное поле 001RU\NLR\BIBL_A\022434276
-- 2001#$aРассказы из русской истории$eна основе курса лекций в Лектории "Достоевский" и программы на канале "Культура" ВГТРК$fВладимир Мединский$vКн. 3
-- 700#1$aМединский$bВ. Р.$f1970-$gВладимир Ростиславович$3RU\NLR\AUTH\7719675
Системный номер (АБИС) связанной записи 13532542
Автор Мединский, В. Р. (1970-)
Место публикации Москва
Дата публикации 2025–
Первые сведения об ответственности Владимир Мединский
Имя издателя, распространителя и т.д. Проспект
Сведения, относящиеся к заглавию на основе курса лекций в Лектории "Достоевский" и программы на канале "Культура" ВГТРК
Физическая характеристика 22
Заглавие Рассказы из русской истории
Номер тома Кн. 3
600 #0 - ИМЯ ЛИЦА КАК ПРЕДМЕТ
Начальный элемент ввода Петр
Дополнения к именам, кроме дат император российский
Римские цифры I
Даты 1672 - 1725
Системный номер авторитетной/нормативной записи 1224899
Идентификатор авторитетной/нормативной записи RU\NLR\AUTH\66180638
686 1# - ИНДЕКСЫ ДРУГИХ КЛАССИФИКАЦИЙ
Индекс Т3(2)462,022.1
702 #0 - ИМЯ ЛИЦА - ВТОРИЧНАЯ ОТВЕТСТВЕННОСТЬ
Код отношения Объект посвящения
Графика поля Кириллица
Материалы, к которым относится поле rus
Начальный элемент ввода Петр
Дополнения к именам, кроме дат император российский
Римские цифры I
Даты 1672-1725
Системный номер авторитетной/нормативной записи 118743
Идентификатор авторитетной/нормативной записи RU\NLR\AUTH\778862
942 ## - ДОПОЛНИТЕЛЬНЫЕ ЭЛЕМЕНТЫ ЗАПИСИ (АБИС)
Тип экземпляра АБИС Книга
980 ## - КОЛЛЕКЦИЯ
Название коллекции Национальная библиография
980 ## - КОЛЛЕКЦИЯ
Название коллекции Национальная библиография
Экземпляры
Тип экземпляра Дата поступления Источник поступления Библиотека постоянного хранения Библиотека текущего хранения Место хранения Шифр хранения Штрих-код Статус экземпляра
Книга 16.05.2025 Обязательный экземпляр РНБ (Московский) РНБ (Московский) Русский книжный фонд 2024-5/10119 1-4940732  
Книга 16.05.2025 Обязательный экземпляр РНБ (Московский) РНБ (Московский) Русский книжный фонд 2024-5/10119 1-4940733 Доставлен в Фoнд